| 000 | 00425nam a2200145Ia 4500 | ||
|---|---|---|---|
| 008 | 230917s9999||||xx |||||||||||||| ||und|| | ||
| 040 |
_e169755 _aMAIN |
||
| 041 | _aEnglish | ||
| 082 | _a891.432741 UR1S | ||
| 100 | _aउपाध्याय, रमेश | ||
| 245 | 0 | _aसफाई चालू है | |
| 260 |
_aदिल्ली _bआन्नद प्रकाश _c1974 |
||
| 300 | _a46 पृ. p. | ||
| 942 | _cHN | ||
| 999 |
_c205183 _d205183 |
||